| 000 | 00695cam a2200205 4500500 | ||
|---|---|---|---|
| 005 | 20260111080300.0 | ||
| 041 | _afre | ||
| 042 | _adc | ||
| 100 | 1 | 0 |
_aGaillard, Philippe _eauthor |
| 700 | 1 | 0 |
_aLegras, Thomas _eauthor |
| 245 | 0 | 0 | _aLa dématérialisation dans un centre hospitalier : la gestion électronique de documents |
| 260 | _c2018. | ||
| 500 | _a64 | ||
| 690 | _adématérialisation | ||
| 690 | _afinances sociales | ||
| 690 | _aGED | ||
| 690 | _ahôpitaux | ||
| 786 | 0 | _nGestion & Finances Publiques | 6 | 6 | 2018-11-30 | p. 74-76 | 1969-1009 | |
| 856 | 4 | 1 | _uhttps://droit.cairn.info/revue-gestion-et-finances-publiques-2018-6-page-74?lang=fr&redirect-ssocas=7080 |
| 999 |
_c1616103 _d1616103 |
||